[Event "Sofia MGU op 171st"]
[Site "Sofia"]
[Date "2016.09.11"]
[Round "6"]
[White "Ginev, Nikola"]
[Black "Gelemerov, Yane"]
[Result "0-1"]
[WhiteElo "1696"]
[BlackElo "2002"]
[PlyCount "84"]
[EventDate "2016.09.10"]
[EventType "swiss"]
[EventRounds "6"]
[EventCountry "BUL"]
[SourceTitle "CBM 174 Extra"]
[Source "ChessBase"]
[SourceDate "2016.10.10"]
[SourceVersion "1"]
[SourceVersionDate "2016.10.10"]
[SourceQuality "1"]

1. Nf3 Nf6 2. g3 d6 3. Bg2 e5 4. d3 Be7 5. 0-0 0-0 6. e4 c6 7. Nc3 Qc7 8. Bg5 h6 9. Bxf6 Bxf6 10. Rb1 Re8 11. Qd2 Nd7 12. Ne1 a5 13. Nd1 Nb6 14. Ne3 Na4 15. c3 Nc5 16. Nf5 Bxf5 17. exf5 d5 18. Nc2 Qd7 19. g4 Bg5 20. Qe2 a4 21. Ne1 Bf4 22. Rd1 Qe7 23. Qf3 Qg5 24. Qh3 e4 25. d4 Nd7 26. Kh1 Nf6 27. f3 e3 28. Rb1 e2 29. Rg1 Be3 30. Qg3 Nd7 31. Nc2 Bxg1 32. f4 Qe7 33. Rxg1 Nf6 34. Ne1 Qe3 35. Bf3 Ne4 36. Qh4 Qxf4 37. Bxe4 Rxe4 38. h3 Rae8 39. Rg2 Qxf5 40. Rg1 Qg5 41. Qg3 Re3 42. Qf2 Rxh3+ 0-1